Garraf : poema dramatich en cinc actes : acte tercer / poema dramatich en cinc actes : acte tercer /
Descripción Física:
22 pàgines ; 21 cm
Idioma:
Catalán
MARC
| LEADER | 00000nam a22000007a 4500 | ||
|---|---|---|---|
| 001 | 25679 | ||
| 008 | 220527b spa||||| |||| 00| 0 cat d | ||
| 017 | |a DL B 30150-2018 | ||
| 080 | |a FU-69-71 | ||
| 100 | |9 53121 |a Picó i Campamar, Ramon, |d 1848-1916 |e llibretista | ||
| 245 | |a Garraf : |b poema dramatich en cinc actes : acte tercer / |c escrita en català per D. Ramon Picó y Campamar, música de D. Joseph Garcia Robles | ||
| 246 | 3 | 4 | |a Llibret del tercer acte Garraf |
| 260 | |a Barcelona : |b Palau Güell, |c 2018 | ||
| 300 | |a 22 pàgines ; |c 21 cm | ||
| 500 | |a Títol a la coberta: Llibret del tercer acte Garraf | ||
| 500 | |a Publicat amb motiu de l'any Güell | ||
| 700 | |9 53122 |a Garcia Robles, Josep, |d 1835-1910 |e compositor | ||
| 710 | 2 | |a Palau Güell (Barcelona) |9 17034 | |
| 942 | |2 udc |c ARXIU |n 1 | ||
| 952 | |0 0 |1 0 |4 0 |6 FU6971 |7 1 |9 62074 |a Arxiu |b Arxiu |d 2022-05-27 |l 0 |o FU-69-71 |p 25679 |r 2022-05-27 00:00:00 |w 2022-05-27 |y ARXIU | ||
| 999 | |c 81785 |d 81785 | ||